000 00727nam a2200217Ia 4500
003 GCL
008 140319s9999 xx 000 0 ara d
040 _aGCL /
_cGCL
082 0 4 _a811.61
_bب ع
100 1 _aالباخرزى , ابوعلى الحسن بن ابى
245 1 0 _a"على بن الحسن , الباخرزى ""حياته وشعره وذيوانة""" /
_cالباخرزى , ابوعلى الحسن بن ابى
700 1 _aمحمد التونجى
260 _a[S.N] :
_bدار صادر ،
_c1994
300 _a229 ص
490 _a
650 0 4 _aالشعر العربى
650 0 4 _aالادب العربى
650 0 4 _aدواوين وقصائد
650 0 4 _aتاريخ ونقد
942 _2ddc
_cBK
999 _c31337
_d31337